Building strong foundations (Record no. 112687)
[ view plain ]
| 000 -LEADER | |
|---|---|
| fixed length control field | 01282cad a22002055a 4500 |
| 001 - CONTROL NUMBER | |
| control field | L153761 |
| 008 - FIXED-LENGTH DATA ELEMENTS--GENERAL INFORMATION | |
| fixed length control field | 110825s2011 xxkad f s 000 0 eng d |
| 035 ## - SYSTEM CONTROL NUMBER | |
| System control number | (Sirsi) u153761 |
| 041 0# - LANGUAGE CODE | |
| Language code of text/sound track or separate title | eng |
| 110 2# - MAIN ENTRY--CORPORATE NAME | |
| Corporate name or jurisdiction name as entry element | CBI |
| 245 00 - TITLE STATEMENT | |
| Title | Building strong foundations |
| Remainder of title | financing UK infrastructure |
| Medium | [electronic resource] |
| 300 ## - PHYSICAL DESCRIPTION | |
| Extent | London |
| Other physical details | CBI |
| Dimensions | 2011 |
| 520 ## - SUMMARY, ETC. | |
| Summary, etc. | This CBI report on the importance of investing in infrastructure follows the Treasury's 'Infrastructure cost review: implementation plan' published in March 2011. Looks at infrastructure investment which is crucial for growth and better public services, suggests that Government must use private finance to meet the UK's infrastructure needs, private finance models must evolve to continue to offer value for money, and government must set the conditions to attract investment in infrastructure. |
| 590 ## - LOCAL NOTE (RLIN) | |
| Local note | KA NTK |
| 651 #4 - SUBJECT ADDED ENTRY--GEOGRAPHIC NAME | |
| Geographic name | United Kingdom |
| Chronological subdivision | |
| 690 ## - LOCAL SUBJECT ADDED ENTRY--TOPICAL TERM (OCLC, RLIN) | |
| Topical term or geographic name as entry element | PROPERTY-INFRASTRUCTURE |
| 690 ## - LOCAL SUBJECT ADDED ENTRY--TOPICAL TERM (OCLC, RLIN) | |
| Topical term or geographic name as entry element | BUILT ENVIRONMENT-CONSTRUCTION MANAGEMENT |
| 856 40 - ELECTRONIC LOCATION AND ACCESS | |
| Uniform Resource Identifier | <a href="https://www.cbi.org.uk/ndbs/press.nsf/0363c1f07c6ca12a8025671c00381cc7/ca16a0be2bc364cf802578f500546a3b/$FILE/Building%20strong%20foundations%20-%20financing%20UK%20infrastructure.PDF">https://www.cbi.org.uk/ndbs/press.nsf/0363c1f07c6ca12a8025671c00381cc7/ca16a0be2bc364cf802578f500546a3b/$FILE/Building%20strong%20foundations%20-%20financing%20UK%20infrastructure.PDF</a> |
| Public note | View this report free of charge (pdf file) at www.cbi.org.uk |
| 942 ## - ADDED ENTRY ELEMENTS (KOHA) | |
| Suppress in OPAC | 0 |
| Withdrawn status | Lost status | Source of classification or shelving scheme | Damaged status | Not for loan | Home library | Current library | Shelving location | Date acquired | Total Checkouts | Full call number | Barcode | Date last seen | Copy number | Price effective from | Koha item type |
|---|---|---|---|---|---|---|---|---|---|---|---|---|---|---|---|
| Dewey Decimal Classification | Virtual | Virtual | Online | 25/08/2011 | ONLINE PUBLICATION | 153761-2001 | 06/08/2019 | 1 | 06/08/2019 | Book |